| 000 | 00512nam a2200193Ia 4500 | ||
|---|---|---|---|
| 005 | 20250326143231.0 | ||
| 008 | 250326s9999 xx 000 0 und d | ||
| 020 | _a81-7446-220-1 | ||
| 037 | _aTextbook | ||
| 040 |
_aFMSL _beng _cFMSL |
||
| 041 |
_aeng _2eng |
||
| 084 |
_aX:51.1 P0 _qFMSL |
||
| 100 |
_aVasudeva PK _9747670 |
||
| 245 | 0 |
_aInternational marketing _cVasudeva PK |
|
| 260 |
_aDelhi _bDelhi, Excel _c2000 |
||
| 300 | _a406p | ||
| 942 |
_cTB _hX:51.1 P0 |
||
| 999 |
_c1298710 _d1298710 |
||